| 000 | 00835nam a2200253Ia 4500 | ||
|---|---|---|---|
| 003 | GCL | ||
| 008 | 140319s9999 xx 000 0 ara d | ||
| 040 |
_aGCL / _cGCL |
||
| 082 | 0 | 4 |
_a791.43 _bه ه |
| 100 | 1 | _aهاشم النحاس | |
| 245 | 1 | 0 |
_aالهوية القومية فى السينما العربية دراسة استطلاعية مستقبلية / _cهاشم النحاس |
| 260 |
_a[S.N] : _bالهيئة المصرية العامة للكتاب ، _c1986 |
||
| 300 | _a134 | ||
| 490 |
_aالالف كتاب الثانى _v0 |
||
| 650 | 0 | 4 | _aمصر |
| 650 | 0 | 4 | _aسوريا |
| 650 | 0 | 4 | _aالعراق |
| 650 | 0 | 4 | _aالجزائر |
| 650 | 0 | 4 | _aالافلام السينمائية |
| 650 | 0 | 4 | _aالسينما |
| 650 | 0 | 4 | _aالجوانب السياسية |
| 650 | 0 | 4 | _aتاريخ ونقد |
| 942 |
_2ddc _cBK |
||
| 999 |
_c30323 _d30323 |
||